[Event "Winnipeg TNT April op"]
[Site "Winnipeg"]
[Date "2009.04.28"]
[Round "4"]
[White "Campbell, Gary"]
[Black "Wierda, John"]
[Result "0-1"]
[WhiteElo "1650"]
[BlackElo "1790"]
[PlyCount "62"]
[EventDate "2009.04.07"]
[EventType "swiss"]
[EventRounds "5"]
[EventCountry "CAN"]
[SourceTitle "EXT 2011"]
[Source "ChessBase"]
[SourceDate "2010.11.26"]
[SourceVersion "1"]
[SourceVersionDate "2010.11.26"]
[SourceQuality "1"]

1. d4 Nf6 2. c4 c5 3. d5 g6 4. Nc3 d6 5. e4 Bg7 6. Be2 0-0 7. Nf3 Na6 8. 0-0 Nc7 9. Bd2 a6 10. a4 Rb8 11. Re1 Bd7 12. Qc2 b5 13. axb5 axb5 14. cxb5 Nxb5 15. Nxb5 Bxb5 16. Bxb5 Rxb5 17. Bc3 Qb6 18. Nd2 Rb8 19. Nc4 Qc7 20. Qd3 Nd7 21. Bxg7 Kxg7 22. Ra3 f6 23. Rea1 Ne5 24. Nxe5 fxe5 25. Ra7 R8b7 26. R7a3 Rxb2 27. f4 Qb6 28. fxe5 c4+ 29. Qe3 Rb1+ 30. Rxb1 Qxb1+ 31. Kf2 Qb2+ 0-1

[Event "Winnipeg TNT March op"]
[Site "Winnipeg"]
[Date "2009.03.31"]
[Round "5"]
[White "Khedkar, Jay S"]
[Black "Wierda, John"]
[Result "1-0"]
[WhiteElo "1974"]
[BlackElo "1754"]
[PlyCount "69"]
[EventDate "2009.03.03"]
[EventType "swiss"]
[EventRounds "5"]
[EventCountry "CAN"]
[SourceTitle "EXT 2011"]
[Source "ChessBase"]
[SourceDate "2010.11.26"]
[SourceVersion "1"]
[SourceVersionDate "2010.11.26"]
[SourceQuality "1"]

1. e4 e6 2. d4 d5 3. Nd2 c5 4. Ngf3 a6 5. c3 Nf6 6. e5 Nfd7 7. Bd3 Nc6 8. b3 Qb6 9. Bb2 Be7 10. Qe2 0-0 11. 0-0 cxd4 12. c4 dxc4 13. Nxc4 Qc7 14. Nxd4 Nxd4 15. Bxd4 Bc5 16. Bb2 f5 17. a4 Rd8 18. Rac1 Nf8 19. Nd6 Qb6 20. Nxc8 Raxc8 21. Bc4 Qc6 22. Rfd1 Rxd1+ 23. Rxd1 Kh8 24. Qd3 Qe8 25. Qf3 Qe7 26. g3 a5 27. Bc3 b6 28. Bd4 h6 29. Qe3 Rd8 30. Rd3 Nd7 31. Bb5 Bxd4 32. Qxd4 Kh7 33. Bxd7 g5 34. Qd6 Qf7 35. Qc7 1-0

[Event "Winnipeg TNT March op"]
[Site "Winnipeg"]
[Date "2009.03.24"]
[Round "4"]
[White "Wierda, John"]
[Black "Kernetsky, Myron"]
[Result "1/2-1/2"]
[WhiteElo "1754"]
[BlackElo "1957"]
[PlyCount "67"]
[EventDate "2009.03.03"]
[EventType "swiss"]
[EventRounds "5"]
[EventCountry "CAN"]
[SourceTitle "EXT 2011"]
[Source "ChessBase"]
[SourceDate "2010.11.26"]
[SourceVersion "1"]
[SourceVersionDate "2010.11.26"]
[SourceQuality "1"]

1. Nf3 Nf6 2. g3 b6 3. Bg2 Bb7 4. 0-0 e6 5. c4 c5 6. d3 Be7 7. Bg5 0-0 8. Qd2 Nc6 9. a3 Re8 10. Nc3 a6 11. Rab1 d5 12. cxd5 Nxd5 13. Nxd5 Qxd5 14. Bxe7 Rxe7 15. Rfc1 a5 16. Ne1 Qd6 17. Nc2 h6 18. Qc3 Rd7 19. Rd1 Nd4 20. Nxd4 cxd4 21. Qd2 Bxg2 22. Kxg2 Rc7 23. Kg1 Rac8 24. Rdc1 Kf8 25. Rxc7 Qxc7 26. b4 Qc3 27. Qb2 Qxb2 28. Rxb2 Rc3 29. bxa5 bxa5 30. Ra2 a4 31. Kg2 Ke7 32. Kf3 Kd6 33. Ke4 e5 34. f4 1/2-1/2

[Event "Winnipeg Grand Prix op-B"]
[Site "Winnipeg"]
[Date "2008.12.02"]
[Round "4"]
[White "Wierda, John"]
[Black "Green, Jim"]
[Result "1-0"]
[WhiteElo "1726"]
[BlackElo "1754"]
[PlyCount "97"]
[EventDate "2008.11.04"]
[EventType "tourn"]
[EventRounds "6"]
[EventCountry "CAN"]
[SourceTitle "EXT 2011"]
[Source "ChessBase"]
[SourceDate "2010.11.26"]
[SourceVersion "1"]
[SourceVersionDate "2010.11.26"]
[SourceQuality "1"]

1. Nf3 d5 2. c4 c6 3. cxd5 cxd5 4. g3 Bg4 5. Bg2 Nf6 6. 0-0 Nc6 7. Qa4 Qd7 8. Nc3 e6 9. a3 Bd6 10. Nb5 0-0 11. Nxd6 Qxd6 12. d4 Rfc8 13. Bf4 Qe7 14. Bg5 h6 15. Be3 b5 16. Qd1 Na5 17. Ne5 Bf5 18. Nd3 Nc4 19. Bc1 a5 20. f3 Qa7 21. Nc5 Nd7 22. Nxd7 Qxd7 23. e4 Bg6 24. b3 Nb6 25. Re1 Rc6 26. Bf4 Rac8 27. Rc1 Rxc1 28. Bxc1 a4 29. Re3 axb3 30. Rxb3 Nc4 31. Rb4 dxe4 32. fxe4 Kh8 33. Kh1 Nd6 34. d5 Nc4 35. h4 Rd8 36. a4 exd5 37. axb5 Nb6 38. Be3 Qc7 39. Qd4 Nd7 40. b6 Qxg3 41. exd5 Qe1+ 42. Kh2 f6 43. b7 Rb8 44. d6 Be8 45. Qe4 Ne5 46. Ba7 Qxe4 47. Bxe4 Nc6 48. Bxc6 Bxc6 49. Bxb8 1-0

[Event "Winnipeg Grand Prix op-B"]
[Site "Winnipeg"]
[Date "2008.11.04"]
[Round "1"]
[White "Wierda, John"]
[Black "Kong, Dezheng"]
[Result "1/2-1/2"]
[WhiteElo "1726"]
[BlackElo "1870"]
[PlyCount "68"]
[EventDate "2008.11.04"]
[EventType "tourn"]
[EventRounds "6"]
[EventCountry "CAN"]
[SourceTitle "EXT 2011"]
[Source "ChessBase"]
[SourceDate "2010.11.26"]
[SourceVersion "1"]
[SourceVersionDate "2010.11.26"]
[SourceQuality "1"]

1. Nf3 Nf6 2. g3 g6 3. Bg2 Bg7 4. 0-0 0-0 5. c4 c5 6. Nc3 Nc6 7. a3 d6 8. d3 Bd7 9. Bd2 Rb8 10. Rb1 a5 11. Na2 e6 12. b4 axb4 13. axb4 cxb4 14. Nxb4 Qc7 15. Nxc6 bxc6 16. Rxb8 Rxb8 17. Qc2 Ne8 18. c5 Rb2 19. cxd6 Rxc2 20. dxc7 Nxc7 21. Rd1 Nb5 22. Rc1 Rxc1+ 23. Bxc1 Nc3 24. Kf1 c5 25. Nd2 f5 26. Ba3 Bf8 27. Nc4 Bb5 28. Ne5 Bg7 29. f4 Bxe5 30. fxe5 c4 31. dxc4 Bxc4 32. Bf3 g5 33. Bb2 Nd1 34. Bd4 f4 1/2-1/2

[Event "Winnipeg TNT October op"]
[Site "Winnipeg"]
[Date "2008.10.21"]
[Round "3"]
[White "Wierda, John"]
[Black "Ott, Richard"]
[Result "1-0"]
[WhiteElo "1712"]
[BlackElo "1450"]
[PlyCount "67"]
[EventDate "2008.10.07"]
[EventType "swiss"]
[EventRounds "4"]
[EventCountry "CAN"]
[SourceTitle "EXT 2011"]
[Source "ChessBase"]
[SourceDate "2010.11.26"]
[SourceVersion "1"]
[SourceVersionDate "2010.11.26"]
[SourceQuality "1"]

1. Nf3 c5 2. g3 g6 3. Bg2 Bg7 4. d3 e6 5. 0-0 Ne7 6. Nc3 0-0 7. Be3 Na6 8. Qd2 d5 9. Bh6 Bxh6 10. Qxh6 Nf5 11. Qd2 Bd7 12. Ne5 Bc6 13. Nxc6 bxc6 14. e4 Nd4 15. Na4 Qd6 16. c3 Nb5 17. f4 dxe4 18. Bxe4 Rad8 19. Rad1 Nb8 20. Qf2 f5 21. Bf3 Nd7 22. Rfe1 Nc7 23. d4 Nf6 24. Nxc5 Rb8 25. Qg2 Nfd5 26. Re5 Nf6 27. Rde1 Rfe8 28. Bxc6 Re7 29. Nb7 Rxb7 30. Bxb7 Ng4 31. R5e2 Nb5 32. Rxe6 Rxe6 33. Rxe6 Qxe6 34. Bd5 1-0

[Event "Winnipeg TNT October op"]
[Site "Winnipeg"]
[Date "2008.10.14"]
[Round "2"]
[White "Lauritson, Jim"]
[Black "Wierda, John"]
[Result "1-0"]
[WhiteElo "1926"]
[BlackElo "1712"]
[PlyCount "69"]
[EventDate "2008.10.07"]
[EventType "swiss"]
[EventRounds "4"]
[EventCountry "CAN"]
[SourceTitle "EXT 2011"]
[Source "ChessBase"]
[SourceDate "2010.11.26"]
[SourceVersion "1"]
[SourceVersionDate "2010.11.26"]
[SourceQuality "1"]

1. d4 Nf6 2. c4 c5 3. d5 g6 4. Nc3 d6 5. e4 Bg7 6. Nf3 0-0 7. Be2 Na6 8. 0-0 Bd7 9. Bg5 Nc7 10. Re1 a6 11. a4 e6 12. dxe6 Bxe6 13. Bf4 Nce8 14. h3 Qb6 15. Qc2 Rd8 16. Rad1 Nc7 17. Rd2 Nh5 18. Bg5 Rd7 19. Red1 Qc6 20. g4 Nf6 21. e5 Nfe8 22. exd6 Nxd6 23. Be7 Rxe7 24. Rxd6 Qe8 25. Qd3 Qb8 26. Ne4 b5 27. cxb5 axb5 28. Rd8 Rxd8 29. Qxd8+ Re8 30. Qxb8 Rxb8 31. axb5 Bxb2 32. Nxc5 Bd5 33. Nd7 Rb7 34. b6 Ne8 35. Rxd5 1-0

[Event "Winnipeg TNT April op"]
[Site "Winnipeg"]
[Date "2008.04.29"]
[Round "5"]
[White "Wierda, John"]
[Black "Kong, Dezheng"]
[Result "0-1"]
[WhiteElo "1707"]
[BlackElo "1814"]
[PlyCount "81"]
[EventDate "2008.01.04"]
[EventType "swiss"]
[EventRounds "5"]
[EventCountry "CAN"]
[SourceTitle "EXT 2011"]
[Source "ChessBase"]
[SourceDate "2010.11.26"]
[SourceVersion "1"]
[SourceVersionDate "2010.11.26"]
[SourceQuality "1"]

1. Nf3 Nf6 2. g3 g6 3. Bg2 Bg7 4. 0-0 0-0 5. c4 c5 6. Nc3 Nc6 7. a3 d6 8. d3 a6 9. Rb1 Bd7 10. b4 b6 11. Nd2 Rb8 12. b5 axb5 13. Nxb5 Na5 14. a4 Bxb5 15. axb5 d5 16. Nb3 Nxb3 17. Rxb3 e6 18. Ra3 Ra8 19. Qb3 Rxa3 20. Bxa3 Re8 21. Bb2 Qd7 22. Ra1 Rd8 23. Ra6 Qd6 24. Bc1 dxc4 25. Qxc4 Nd5 26. Bd2 Qe5 27. Bxd5 exd5 28. Qc2 Qxe2 29. Rxb6 Bh6 30. Rc6 Qxd2 31. Qxc5 Qxd3 32. b6 Bf8 33. Qa5 Qb1+ 34. Kg2 d4 35. Qe5 Qf5 36. Qc7 Qd5+ 37. Kg1 d3 38. Rc1 d2 39. Rd1 Qb3 40. Qxd8 Qxd1+ 41. Kg2 0-1

[Event "Winnipeg Shpan Memorial"]
[Site "Winnipeg"]
[Date "2007.11.06"]
[Round "1"]
[White "Schulz, Waldemar"]
[Black "Wierda, John"]
[Result "1-0"]
[WhiteElo "2032"]
[BlackElo "1713"]
[PlyCount "45"]
[EventDate "2007.11.06"]
[EventType "swiss"]
[EventRounds "6"]
[EventCountry "CAN"]
[SourceTitle "EXT 2022"]
[Source "ChessBase"]
[SourceDate "2021.10.06"]
[SourceVersion "1"]
[SourceVersionDate "2021.10.06"]
[SourceQuality "1"]

1. Nf3 d5 2. g3 Bg4 3. Ne5 Bf5 4. Bg2 c6 5. 0-0 Nd7 6. Nf3 e5 7. d3 Ngf6 8. Nbd2 Qc7 9. c4 h6 10. b3 Bd6 11. Bb2 Be6 12. Rc1 a5 13. cxd5 Bxd5 14. Nc4 0-0 15. Nxd6 Qxd6 16. Qc2 Qe6 17. e4 a4 18. exd5 Nxd5 19. a3 axb3 20. Qxb3 b6 21. Rfe1 f6 22. Nd4 Qd6 23. Rxc6 1-0

[Event "Winnipeg TNT October op"]
[Site "Winnipeg"]
[Date "2007.10.16"]
[Round "3"]
[White "Greenberg, Harley"]
[Black "Wierda, John"]
[Result "1/2-1/2"]
[WhiteElo "1823"]
[BlackElo "1713"]
[PlyCount "88"]
[EventDate "2007.10.02"]
[EventType "swiss"]
[EventRounds "5"]
[EventCountry "CAN"]
[SourceTitle "EXT 2022"]
[Source "ChessBase"]
[SourceDate "2021.10.06"]
[SourceVersion "1"]
[SourceVersionDate "2021.10.06"]
[SourceQuality "1"]

1. d4 Nf6 2. c4 c5 3. Nf3 cxd4 4. Nxd4 g6 5. Nc3 Bg7 6. e4 0-0 7. Be2 Qb6 8. e5 Ne8 9. Nd5 Qd8 10. Bf4 Nc6 11. Nf3 d6 12. exd6 Nxd6 13. 0-0 Be6 14. Nxe7+ Nxe7 15. Bxd6 Rc8 16. c5 Bxb2 17. Rb1 Ba3 18. Qd4 b6 19. Rfd1 Bxc5 20. Bxc5 bxc5 21. Qh4 Qc7 22. Ng5 h5 23. Nxe6 fxe6 24. Bc4 Nf5 25. Bxe6+ Kg7 26. Rd7+ Qxd7 27. Qe4 Qd4 28. Qb7+ Ne7 29. Qxe7+ Kh6 30. h4 Rxf2 31. Kh1 Rf6 32. Bh3 Rcf8 33. g3 Qd5+ 34. Bg2 Rf1+ 35. Rxf1 Rxf1+ 36. Kh2 Qxa2 37. Qe3+ Kg7 38. Qe5+ Kh7 39. Qe7+ Rf7 40. Qxc5 a5 41. Kh3 Rf2 42. Qe7+ Rf7 43. Qe3 a4 44. Kh2 Qb3 1/2-1/2

[Event "Winnipeg TNT April op"]
[Site "Winnipeg"]
[Date "2007.04.17"]
[Round "3"]
[White "Wierda, John"]
[Black "Goodman, Clifford"]
[Result "1/2-1/2"]
[WhiteElo "1718"]
[BlackElo "1508"]
[PlyCount "68"]
[EventDate "2007.04.03"]
[EventType "swiss"]
[EventRounds "4"]
[EventCountry "CAN"]
[SourceTitle "EXT 2019"]
[Source "ChessBase"]
[SourceDate "2018.10.10"]
[SourceVersion "1"]
[SourceVersionDate "2018.10.10"]
[SourceQuality "1"]

1. e4 c6 2. d4 d5 3. Nc3 dxe4 4. Nxe4 Bf5 5. Ng3 Bg6 6. Nf3 e6 7. c3 Bd6 8. Be2 Nf6 9. Bg5 Nbd7 10. c4 Bb4+ 11. Bd2 Qa5 12. a3 Bxd2+ 13. Qxd2 Qxd2+ 14. Nxd2 e5 15. dxe5 Nxe5 16. 0-0 0-0-0 17. Nf3 Nxf3+ 18. Bxf3 Rd2 19. b4 Rc2 20. Rfc1 Rb2 21. h4 h6 22. Re1 Rd8 23. Re7 Rd7 24. Rxd7 Kxd7 25. h5 Rb1+ 26. Rxb1 Bxb1 27. Kf1 Ba2 28. Be2 Bb1 29. Ke1 Ke6 30. Kd2 Ne4+ 31. Nxe4 Bxe4 32. f3 Bh7 33. Ke3 b6 34. f4 f6 1/2-1/2

[Event "Winnipeg TNT February op"]
[Site "Winnipeg"]
[Date "2007.02.20"]
[Round "3"]
[White "Rutter, Blair A"]
[Black "Wierda, John"]
[Result "1-0"]
[WhiteElo "1958"]
[BlackElo "1781"]
[PlyCount "95"]
[EventDate "2007.02.06"]
[EventType "swiss"]
[EventRounds "4"]
[EventCountry "CAN"]
[SourceTitle "EXT 2019"]
[Source "ChessBase"]
[SourceDate "2018.10.10"]
[SourceVersion "1"]
[SourceVersionDate "2018.10.10"]
[SourceQuality "1"]

1. c4 g6 2. g3 Nf6 3. Bg2 Bg7 4. Nc3 0-0 5. e4 d6 6. Nge2 Nc6 7. 0-0 a6 8. d3 Rb8 9. Be3 Ng4 10. Bd2 Nce5 11. Bf4 Nd7 12. h3 Nge5 13. b3 c5 14. Qd2 b5 15. Rad1 b4 16. Nd5 Nf6 17. Bxe5 dxe5 18. Qe3 Qd6 19. Qc1 a5 20. f4 Nxd5 21. exd5 e6 22. Kh2 exd5 23. Bxd5 Qd7 24. Ng1 Bh6 25. Qe3 exf4 26. gxf4 Qc7 27. Ne2 Bf5 28. d4 Rfe8 29. Qf3 Be6 30. Bc6 Bd7 31. Bxd7 Qxd7 32. dxc5 Qf5 33. Rd5 Qc2 34. Rf2 Qxa2 35. Nd4 Qa3 36. c6 Rec8 37. Rd7 a4 38. c7 axb3 39. cxb8Q Rxb8 40. Qxb3 Rc8 41. Qxa3 bxa3 42. Nb5 Rxc4 43. Rd4 a2 44. Rxa2 Rxd4 45. Nxd4 Bxf4+ 46. Kg2 g5 47. Kf3 h6 48. Kg4 1-0

[Event "Winnipeg TNT January op"]
[Site "Winnipeg"]
[Date "2007.01.16"]
[Round "2"]
[White "Goodman, Clifford"]
[Black "Wierda, John"]
[Result "1/2-1/2"]
[WhiteElo "1498"]
[BlackElo "1781"]
[PlyCount "67"]
[EventDate "2007.01.09"]
[EventType "swiss"]
[EventRounds "4"]
[EventCountry "CAN"]
[SourceTitle "EXT 2008"]
[Source "ChessBase"]
[SourceDate "2007.11.25"]
[SourceVersion "1"]
[SourceVersionDate "2007.11.25"]
[SourceQuality "1"]

1. e4 e6 2. d4 d5 3. exd5 Qxd5 4. Nf3 Nc6 5. a3 Nf6 6. Nc3 Qd7 7. Bb5 Bd6 8. Bg5 a6 9. Bxf6 gxf6 10. Bd3 h6 11. d5 Ne7 12. dxe6 fxe6 13. Nd4 e5 14. Qh5+ Kd8 15. Nb3 Qg4 16. Qxg4 Bxg4 17. f3 Be6 18. Nd2 Rg8 19. g3 f5 20. Nc4 b5 21. Nxd6 cxd6 22. Rd1 Kc7 23. b4 Nc6 24. Bxb5 Nd4 25. Bd3 Nxf3+ 26. Kf2 e4 27. Nxe4 Nxh2 28. Rxh2 fxe4 29. Bxe4 Raf8+ 30. Ke3 Rxg3+ 31. Kd4 Rxa3 32. Rxh6 Kd7 33. Rh7+ Rf7 34. Rxf7+ 1/2-1/2

[Event "Winnipeg TNT May op"]
[Site "Winnipeg"]
[Date "2006.05.09"]
[Round "2"]
[White "Wood, Nathaniel"]
[Black "Wierda, John"]
[Result "1-0"]
[WhiteElo "1577"]
[BlackElo "1791"]
[PlyCount "89"]
[EventDate "2006.05.02"]
[EventType "swiss"]
[EventRounds "5"]
[EventCountry "CAN"]
[SourceTitle "EXT 2007"]
[Source "ChessBase"]
[SourceDate "2006.11.23"]
[SourceVersion "1"]
[SourceVersionDate "2006.11.23"]
[SourceQuality "1"]

1. e4 e6 2. d4 d5 3. Nd2 Nf6 4. e5 Nfd7 5. Bd3 c5 6. c3 Nc6 7. Ngf3 Qb6 8. Qa4 a6 9. 0-0 Qa7 10. Re1 b5 11. Qd1 cxd4 12. cxd4 Nxd4 13. Nxd4 Qxd4 14. Nf3 Qb6 15. Ng5 Be7 16. Nxh7 Qc7 17. Qh5 Rg8 18. Ng5 g6 19. Qh7 Rf8 20. Nxf7 Rxf7 21. Bxg6 Nxe5 22. Qh8+ Kd7 23. Rxe5 Bb7 24. Qh5 Bd6 25. Re2 Bxh2+ 26. Qxh2 Qxh2+ 27. Kxh2 Rg7 28. Bh5 Rh8 29. Re5 Rf7 30. g4 Rxf2+ 31. Kg3 Rf1 32. b3 Rhf8 33. Bb2 R1f3+ 34. Kh4 Rf2 35. Ba3 R8f4 36. Bc5 R2f3 37. Rae1 Kc6 38. Rc1 Kd7 39. Bb6 Kd6 40. Bc7+ Kd7 41. Rg5 Rf7 42. Bxf7 Rxf7 43. Be5 Bc6 44. Rg7 Rxg7 45. Bxg7 1-0

[Event "Winnipeg TNT April op"]
[Site "Winnipeg"]
[Date "2006.04.04"]
[Round "1"]
[White "Wierda, John"]
[Black "Wasserman, Leor"]
[Result "1-0"]
[WhiteElo "1786"]
[BlackElo "1331"]
[PlyCount "97"]
[EventDate "2006.04.04"]
[EventType "swiss"]
[EventRounds "4"]
[EventCountry "CAN"]
[SourceTitle "EXT 2007"]
[Source "ChessBase"]
[SourceDate "2006.11.23"]
[SourceVersion "1"]
[SourceVersionDate "2006.11.23"]
[SourceQuality "1"]

1. Nf3 Nc6 2. g3 e5 3. d3 d5 4. Bg2 Bc5 5. Nc3 Nge7 6. 0-0 0-0 7. Re1 f5 8. e4 dxe4 9. dxe4 Qxd1 10. Rxd1 f4 11. Na4 Bb6 12. Nxb6 axb6 13. a3 Bg4 14. Rd3 Rad8 15. Ne1 Nd4 16. f3 Be6 17. Kf2 Rd7 18. b4 c5 19. gxf4 exf4 20. Bb2 Ndc6 21. Rxd7 Bxd7 22. Rd1 Be6 23. Nd3 Rd8 24. Ke1 cxb4 25. axb4 Bc4 26. Nxf4 Rxd1+ 27. Kxd1 Nxb4 28. Nh5 g6 29. Nf6+ Kf7 30. Nxh7 Ba2 31. Ng5+ Kf8 32. Bf1 Nec6 33. Ba3 Kg8 34. Kd2 Na6 35. Kc3 Kg7 36. Bc4 Bxc4 37. Kxc4 Kf6 38. f4 Nc7 39. Bb2+ Ke7 40. f5 Na5+ 41. Kd3 gxf5 42. exf5 Nd5 43. h4 Nb4+ 44. Kc3 Nd5+ 45. Kd4 Nf4 46. f6+ Kd6 47. f7 Nc6+ 48. Ke4 Ng6 49. h5 1-0

[Event "Winnipeg TNT March op"]
[Site "Winnipeg"]
[Date "2006.03.07"]
[Round "1"]
[White "Wasserman, Arie"]
[Black "Wierda, John"]
[Result "1/2-1/2"]
[WhiteElo "1537"]
[BlackElo "1767"]
[PlyCount "74"]
[EventDate "2006.03.07"]
[EventType "swiss"]
[EventRounds "4"]
[EventCountry "CAN"]
[SourceTitle "EXT 2007"]
[Source "ChessBase"]
[SourceDate "2006.11.23"]
[SourceVersion "1"]
[SourceVersionDate "2006.11.23"]
[SourceQuality "1"]

1. e4 e6 2. Nf3 Nf6 3. Nc3 d5 4. exd5 Nxd5 5. Nxd5 Qxd5 6. d4 c5 7. Be3 cxd4 8. Qxd4 Qxd4 9. Bxd4 Nc6 10. Bb5 Bd7 11. 0-0-0 a6 12. Bxc6 Bxc6 13. Rhg1 f6 14. Rge1 e5 15. Bb6 Bxf3 16. gxf3 Rc8 17. f4 Bc5 18. Bxc5 Rxc5 19. fxe5 Rxe5 20. Rxe5+ fxe5 21. Re1 0-0 22. Re2 Rf5 23. Kd2 e4 24. Rxe4 Rxf2+ 25. Re2 Rf1 26. Ke3 Kf7 27. Rf2+ Rxf2 28. Kxf2 Ke6 29. c4 b5 30. cxb5 axb5 31. b3 Kd5 32. a4 Kc5 33. axb5 Kxb5 34. Ke3 Kb4 35. Ke4 Kxb3 36. Kf5 Kc3 37. Ke6 Kd4 1/2-1/2

[Event "Winnipeg TNT February op"]
[Site "Winnipeg"]
[Date "2006.02.14"]
[Round "2"]
[White "Wierda, John"]
[Black "Rumpel, Chris"]
[Result "1-0"]
[WhiteElo "1778"]
[BlackElo "1559"]
[PlyCount "61"]
[EventDate "2006.02.07"]
[EventType "swiss"]
[EventRounds "4"]
[EventCountry "CAN"]
[SourceTitle "EXT 2007"]
[Source "ChessBase"]
[SourceDate "2006.11.23"]
[SourceVersion "1"]
[SourceVersionDate "2006.11.23"]
[SourceQuality "1"]

1. Nf3 d5 2. c4 c6 3. cxd5 cxd5 4. d4 Nc6 5. g3 Nf6 6. Nc3 a6 7. Bg2 e6 8. 0-0 Bd6 9. Bg5 0-0 10. Rc1 h6 11. Bd2 Ne4 12. Nxe4 dxe4 13. Ne1 f5 14. e3 Ne7 15. Qb3 Nd5 16. f3 Nf6 17. fxe4 fxe4 18. Qc2 Bd7 19. Bxe4 Nxe4 20. Qxe4 Rxf1+ 21. Kxf1 Qf6+ 22. Qf3 Bb5+ 23. Kg1 Qg6 24. Qxb7 Rf8 25. Rc8 Qb1 26. Rxf8+ Bxf8 27. Bc3 Qxa2 28. Qf3 Qc4 29. Qf2 Bc6 30. Nf3 g5 31. Ne5 1-0

[Event "Winnipeg TNT January op"]
[Site "Winnipeg"]
[Date "2006.01.24"]
[Round "4"]
[White "Wasserman, Arie"]
[Black "Wierda, John"]
[Result "0-1"]
[WhiteElo "1625"]
[BlackElo "1817"]
[PlyCount "61"]
[EventDate "2006.01.03"]
[EventType "swiss"]
[EventRounds "5"]
[EventCountry "CAN"]
[SourceTitle "EXT 2007"]
[Source "ChessBase"]
[SourceDate "2006.11.23"]
[SourceVersion "1"]
[SourceVersionDate "2006.11.23"]
[SourceQuality "1"]

1. e4 e6 2. Nc3 d5 3. d4 Bb4 4. Bd2 c5 5. Nf3 Bxc3 6. Bxc3 dxe4 7. dxc5 Qxd1+ 8. Rxd1 Nf6 9. Bb5+ Bd7 10. Bxd7+ Nbxd7 11. Bxf6 Nxf6 12. Ne5 Rc8 13. b4 Nd5 14. a3 b6 15. c6 0-0 16. c4 Ne7 17. Ng4 Rxc6 18. Rd4 Ng6 19. Kd2 f5 20. Ne3 Kf7 21. Kc3 Re8 22. g3 Ne5 23. Rhd1 Re7 24. h4 h6 25. h5 Nf3 26. Rd6 g5 27. hxg6+ Kxg6 28. Kb3 Ne5 29. R6d4 Nd3 30. Rd2 f4 31. gxf4 0-1